<?xml version="1.0" encoding="UTF-8"?>
<record
    xmlns:xsi="http://www.w3.org/2001/XMLSchema-instance"
    xsi:schemaLocation="http://www.loc.gov/MARC21/slim http://www.loc.gov/standards/marcxml/schema/MARC21slim.xsd"
    xmlns="http://www.loc.gov/MARC21/slim">

  <leader>01200nam a22002417a 4500</leader>
  <controlfield tag="003">OSt</controlfield>
  <controlfield tag="005">20221122112531.0</controlfield>
  <controlfield tag="008">120510t        xxu||||| |||| 00| 0 eng d</controlfield>
  <datafield tag="020" ind1=" " ind2=" ">
    <subfield code="a">0324317344</subfield>
  </datafield>
  <datafield tag="040" ind1=" " ind2=" ">
    <subfield code="c">LC</subfield>
  </datafield>
  <datafield tag="050" ind1=" " ind2=" ">
    <subfield code="a">HF1017.A54</subfield>
  </datafield>
  <datafield tag="100" ind1=" " ind2=" ">
    <subfield code="a">Anderson, David Ray </subfield>
    <subfield code="9">748</subfield>
  </datafield>
  <datafield tag="245" ind1=" " ind2=" ">
    <subfield code="a">Essentials of statistics for business and economics. /</subfield>
    <subfield code="c">David Ray Anderson; Dennis J Sweeney; Thomas Arthur Williams</subfield>
  </datafield>
  <datafield tag="250" ind1=" " ind2=" ">
    <subfield code="a">4th ed.</subfield>
    <subfield code="b">(Instructor's edition)</subfield>
  </datafield>
  <datafield tag="260" ind1=" " ind2=" ">
    <subfield code="a">Mason:</subfield>
    <subfield code="b">South-Western College,</subfield>
    <subfield code="c">2006.</subfield>
  </datafield>
  <datafield tag="300" ind1=" " ind2=" ">
    <subfield code="a">xxi, 643 p.:</subfield>
    <subfield code="b">ill (col.).;</subfield>
  </datafield>
  <datafield tag="500" ind1=" " ind2=" ">
    <subfield code="a">With CD-ROM (inside back cover)</subfield>
  </datafield>
  <datafield tag="505" ind1=" " ind2=" ">
    <subfield code="a">Contents: Data and statistics -- Descriptive statistics: tabular and graphical presentations -- Descriptive statistics: numerical measures -- Introduction to probability -- Discrete probability distributions -- Sampling and sampling distributions -- Interval estimation -- Hypothesis tests -- Comparisons involving means -- Comparisons involving proportions and a test of independence -- Simple linear regression -- Multiple regression -- </subfield>
  </datafield>
  <datafield tag="650" ind1=" " ind2=" ">
    <subfield code="a">Managerial economics</subfield>
    <subfield code="9">749</subfield>
  </datafield>
  <datafield tag="700" ind1=" " ind2=" ">
    <subfield code="a">Sweeney Dennis J </subfield>
    <subfield code="9">750</subfield>
  </datafield>
  <datafield tag="700" ind1=" " ind2=" ">
    <subfield code="a"> Williams Thomas Arthur </subfield>
    <subfield code="9">751</subfield>
  </datafield>
  <datafield tag="942" ind1=" " ind2=" ">
    <subfield code="2">lcc</subfield>
    <subfield code="c">BK</subfield>
  </datafield>
  <datafield tag="999" ind1=" " ind2=" ">
    <subfield code="c">8327</subfield>
    <subfield code="d">15827</subfield>
  </datafield>
  <datafield tag="952" ind1=" " ind2=" ">
    <subfield code="0">0</subfield>
    <subfield code="1">0</subfield>
    <subfield code="2">lcc</subfield>
    <subfield code="4">0</subfield>
    <subfield code="7">0</subfield>
    <subfield code="a">WIUC-KL</subfield>
    <subfield code="b">WIUC-KL</subfield>
    <subfield code="c">GEN</subfield>
    <subfield code="d">2019-11-08</subfield>
    <subfield code="o">HF1017.A54(4e)</subfield>
    <subfield code="p">K/1792/1792/19</subfield>
    <subfield code="r">2021-12-19 00:00:00</subfield>
    <subfield code="w">2021-12-19</subfield>
    <subfield code="y">BK</subfield>
  </datafield>
</record>
